| 000 | 01060nam0a2200313 4500 | ||
|---|---|---|---|
| 001 | RU\NLR\bibl\1260494 | ||
| 005 | 20250615131104.0 | ||
| 010 | _a978-5-699-27823-7 | ||
| 010 |
_a5-04-003950-6 _95000 |
||
| 021 |
_aRU _b2008-48282 _92669 |
||
| 035 | _a(NLR Aleph) 001246492 | ||
| 090 |
_a291866 _c291866 |
||
| 100 | _a20080811d2008 |||y0rusy50 ca | ||
| 101 | 0 | _arus | |
| 102 | _aRU | ||
| 105 | _aac ||||||||| | ||
| 200 | 1 |
_aВладимир Вишневский _e[сборник] |
|
| 205 | _a[Изд. 7-е, доп.] | ||
| 210 |
_aМосква _cЭксмо _d2008 |
||
| 215 |
_a670, [1] с., [24] л. ил., портр. _cил., портр. _d21 |
||
| 225 | 1 |
_aАнтология сатиры и юмора России XX века _vТ. 13 |
|
| 686 | _aШ6(2=Р)75-7,5 | ||
| 700 | 1 |
_4070 _7ca _8rus _aВишневский _bВ. П. _f1953- _gВладимир Петрович _9151167 _3RU\NLR\AUTH\770151205 |
|
| 801 | 0 |
_aRU _bNLR _c20080811 _gRCR |
|
| 801 | 1 |
_aRU _bNLR _c20080811 |
|
| 942 | _cBOOK | ||
| 980 | _aNB | ||